[Event "Saint Denis op"]
[Site "Saint Denis"]
[Date "2022.10.13"]
[Round "3"]
[White "Daoudjee, Hishame"]
[Black "Jotee, Ashvin"]
[Result "0-1"]
[WhiteElo "1199"]
[BlackElo "1815"]
[PlyCount "88"]
[EventDate "2022.10.13"]
[EventType "swiss"]
[EventRounds "9"]
[EventCountry "RUF"]
[SourceTitle "EXT 2024"]
[Source "ChessBase"]
[SourceDate "2023.10.10"]
[SourceVersion "1"]
[SourceVersionDate "2023.10.10"]
[SourceQuality "1"]

1. e4 e6 2. Nf3 d5 3. e5 c5 4. d4 Nc6 5. c3 Bd7 6. Na3 cxd4 7. cxd4 Qb6 8. Nc2 Nge7 9. Be2 Na5 10. b3 Bb5 11. 0-0 Nf5 12. Bd2 Nc6 13. Bc3 Be7 14. Re1 Rc8 15. Rc1 Bxe2 16. Rxe2 Nh4 17. Qd2 Nxf3+ 18. gxf3 h5 19. Ree1 Rh6 20. Kh1 Rg6 21. f4 Kd7 22. f3 a5 23. Rb1 Nb4 24. Rb2 Nxc2 25. Rxc2 Ba3 26. Bxa5 Rxc2 27. Qxc2 Qxa5 28. Rg1 Rxg1+ 29. Kxg1 g6 30. h4 Qe1+ 31. Kg2 Qxh4 32. f5 Qg5+ 33. Kh3 Qxf5+ 34. Qxf5 gxf5 35. Kh4 Bb2 36. f4 Bxd4 37. Kxh5 Be3 38. Kg5 d4 39. Kf6 Ke8 40. a4 d3 41. b4 d2 42. a5 d1Q 43. b5 Qg1 44. a6 Qg6# 0-1

[Event "Saint Denis op"]
[Site "Saint Denis"]
[Date "2022.10.13"]
[Round "9"]
[White "Francou, Yvon"]
[Black "Jotee, Ashvin"]
[Result "0-1"]
[WhiteElo "1639"]
[BlackElo "1815"]
[PlyCount "70"]
[EventDate "2022.10.13"]
[EventType "swiss"]
[EventRounds "9"]
[EventCountry "RUF"]
[SourceTitle "EXT 2024"]
[Source "ChessBase"]
[SourceDate "2023.10.10"]
[SourceVersion "1"]
[SourceVersionDate "2023.10.10"]
[SourceQuality "1"]

1. d4 d5 2. c4 c6 3. Nc3 Nf6 4. Bg5 dxc4 5. Bxf6 exf6 6. e3 Be6 7. g3 Bb4 8. Bg2 f5 9. Nge2 0-0 10. 0-0 Qe7 11. Qc2 Na6 12. a3 Bxc3 13. Nxc3 Nc7 14. Na4 g6 15. Nc5 Rab8 16. Rfe1 Rfd8 17. Rad1 Bd5 18. f3 Qf6 19. e4 fxe4 20. fxe4 Be6 21. e5 Qe7 22. Qf2 Bd5 23. Ne4 Bxe4 24. Bxe4 Nd5 25. Qf3 b5 26. Bc2 Qe6 27. Re4 a5 28. Rh4 b4 29. Re1 c3 30. Rg4 cxb2 31. Bf5 Qe7 32. e6 Kg7 33. axb4 Rxb4 34. Kf2 a4 35. Be4 fxe6 0-1

[Event "Port Louis zt 4.3"]
[Site "Port Louis"]
[Date "2016.04.25"]
[Round "2"]
[White "Goorsahye, Antoine"]
[Black "Jotee, Ashvin"]
[Result "0-1"]
[WhiteElo "1715"]
[BlackElo "1729"]
[PlyCount "96"]
[EventDate "2016.04.24"]
[EventType "swiss"]
[EventRounds "9"]
[EventCountry "MRI"]
[SourceTitle "CBM 172 Extra"]
[Source "ChessBase"]
[SourceDate "2016.06.21"]
[SourceVersion "1"]
[SourceVersionDate "2016.06.21"]
[SourceQuality "1"]

1. e4 e6 2. d4 d5 3. e5 c5 4. c3 Nc6 5. Nf3 Bd7 6. a3 Qb6 7. Bd3 cxd4 8. cxd4 Nxd4 9. Nbd2 Nxf3+ 10. Nxf3 Bb5 11. 0-0 Bxd3 12. Qxd3 Ne7 13. Be3 Qc7 14. Rac1 Nc6 15. b4 a6 16. Qc3 Rc8 17. Bf4 Be7 18. Nd4 0-0 19. Nxc6 bxc6 20. Qg3 Rfd8 21. Bh6 Bf8 22. f4 Qa7+ 23. Kh1 g6 24. Bg5 Rd7 25. Qh4 c5 26. Rf3 c4 27. Rh3 f5 28. exf6 d4 29. Qg4 Qb6 30. Re1 c3 31. Rd3 Rc6 32. h4 Qb5 33. Qg3 c2 34. Rc1 a5 35. h5 axb4 36. axb4 Bxb4 37. hxg6 hxg6 38. f5 exf5 39. f7+ Rxf7 40. Rxd4 Rh7+ 41. Bh4 Rc8 42. Qb3+ Kf8 43. Kg1 Rxh4 44. Rxh4 Bc5+ 45. Kh1 Qxb3 46. Rh8+ Kf7 47. Rxc8 Qe3 48. Rc7+ Kf6 0-1

[Event "Reunion op 17th"]
[Site "St Denis"]
[Date "2015.10.10"]
[Round "7"]
[White "Chan Faye, Yoann"]
[Black "Jotee, Ashvin"]
[Result "1-0"]
[WhiteElo "1592"]
[BlackElo "1399"]
[PlyCount "69"]
[EventDate "2015.10.10"]
[EventType "swiss"]
[EventRounds "9"]
[EventCountry "RUF"]
[SourceTitle "CBM 168 Extra"]
[Source "ChessBase"]
[SourceDate "2015.10.29"]
[SourceVersion "1"]
[SourceVersionDate "2015.10.29"]
[SourceQuality "1"]

1. e4 e6 2. d4 d5 3. exd5 exd5 4. c4 Nf6 5. Nc3 Be7 6. Nf3 Bg4 7. Bd3 c6 8. 0-0 0-0 9. Bf4 Nbd7 10. h3 Bh5 11. Re1 Re8 12. Re3 dxc4 13. Bxc4 Nb6 14. Bb3 Nbd5 15. Nxd5 Nxd5 16. Bxd5 Qxd5 17. Qd3 Bxf3 18. Rxf3 Bf6 19. Be3 Rad8 20. Rf5 Qd6 21. Rd1 g6 22. Ra5 a6 23. Qb3 Qc7 24. Qb4 Re4 25. Ra4 Rd5 26. Qc3 Qd7 27. Rc4 Re6 28. Rc5 Be7 29. Rxd5 Qxd5 30. Rd3 Qxa2 31. d5 Bf6 32. Qc2 Rd6 33. dxc6 Rxc6 34. Qd2 Qxb2 35. Rd8+ 1-0

[Event "Reunion op 17th"]
[Site "St Denis"]
[Date "2015.10.10"]
[Round "2"]
[White "Padre, Maxime"]
[Black "Jotee, Ashvin"]
[Result "0-1"]
[WhiteElo "1200"]
[BlackElo "1399"]
[PlyCount "66"]
[EventDate "2015.10.10"]
[EventType "swiss"]
[EventRounds "9"]
[EventCountry "RUF"]
[SourceTitle "CBM 168 Extra"]
[Source "ChessBase"]
[SourceDate "2015.10.29"]
[SourceVersion "1"]
[SourceVersionDate "2015.10.29"]
[SourceQuality "1"]

1. e4 e6 2. d4 d5 3. e5 c5 4. c3 Nc6 5. Nf3 Qb6 6. Bd3 cxd4 7. cxd4 Bd7 8. Bc2 Nb4 9. Nc3 Nxc2+ 10. Qxc2 Ne7 11. 0-0 Nf5 12. Rd1 Be7 13. Qe2 0-0 14. Bf4 Rfc8 15. Rac1 Rc4 16. Be3 Rac8 17. Rc2 a6 18. Rcd2 Qa5 19. Bf4 b5 20. g4 Nh4 21. Nxh4 Bxh4 22. Qe3 b4 23. Ne2 Be7 24. Kh1 g5 25. Bg3 Qxa2 26. b3 Rc2 27. f4 Rxd2 28. Rxd2 Rc2 29. Rxc2 Qxc2 30. Be1 Bb5 31. Nc1 a5 32. Qd2 Qe4+ 33. Kg1 gxf4 0-1